Mäso v našej výžive
Aký je a bol vývoj spotreby mäsa u nás. Čo získavame v našej strave z mäsa pri jeho súčasnej spotrebe. Ako teda hodnotiť spotrebu mäsa u nás.
Salvato in:
| Autore principale: | |
|---|---|
| Natura: | Capitolo di libro |
| Lingua: | slovacco |
| Soggetti: | |
| Tags: |
Nessun Tag, puoi essere il primo ad aggiungerne!!
|
MARC
| LEADER | 00000naa a2200000 4500 | ||
|---|---|---|---|
| 001 | r043199 | ||
| 005 | 20230602072739.8 | ||
| 041 | 0 | |a slo | |
| 044 | |a SK | ||
| 245 | 1 | 0 | |a Mäso v našej výžive |c Róbert Šimončič |
| 520 | |a Aký je a bol vývoj spotreby mäsa u nás. Čo získavame v našej strave z mäsa pri jeho súčasnej spotrebe. Ako teda hodnotiť spotrebu mäsa u nás. | ||
| 610 | 2 | 0 | |a mäso |
| 610 | 2 | 0 | |a výživa |
| 610 | 2 | 0 | |a zdravie |
| 610 | 2 | 0 | |a spotreba |
| 610 | 2 | 0 | |a spotreba potravín |
| 610 | 2 | 0 | |a Slovensko |
| 100 | 1 | |a Šimončič, Róbert | |